000 00285nam a2200121Ia 4500
008 220204s9999 xx 000 0 und d
082 _a678.049.2
_bZAK
100 _aZakar, Pal
245 0 _aAsphalt
260 _aNew York
_bChemical Publishing
_c1971
650 _aAsphalt
942 _cBK
999 _c24272
_d24272